000
00184 a2200097 4500
020
_a
9780152062439
041
_a
eng
100
_a
Ada, Alma Flor
245
_a
Daniel's Pet
942
_c
BK
999
_c
14222
_d
14222